| 000 | 00829nam a22002417a 4500 | ||
|---|---|---|---|
| 005 | 20130213134343.0 | ||
| 008 | 130213t xxu||||| |||| 00| 0 eng d | ||
| 010 | _aENG-106647 | ||
| 020 |
_a9788120346819 _c295.00 |
||
| 035 | _aEN-90180 | ||
| 037 | _bDBAD / PUB | ||
| 040 |
_aDPL _bENG |
||
| 082 | _a005 | ||
| 100 |
_aMoler, Cleve B. _955075 |
||
| 245 |
_aNumerical computing with matlab / _cby Cleve B. Moler |
||
| 250 | _arev. reprn | ||
| 260 |
_aNew Delhi _bPHI Learning _c2013 |
||
| 270 |
_aRimjhim House, 111, Patparganj Industrial Estate _bDelhi _e110092 |
||
| 300 |
_ax, 336p. _c22cm.(pbk) |
||
| 500 | _aIncludes bibliographical references and index | ||
| 942 |
_2ddc _cEN _h005 _mMOL |
||
| 999 |
_c73594 _d73594 |
||